Biggest Countries by Population, but... #11 - Statistics

General Stats
  • This quiz has been taken 125 times
  • The average score is 15 of 30
Answer Stats
Population Country % Correct
488 United States
94%
76 China
89%
72 Brazil
88%
113 India
88%
38 Canada
85%
60 Australia
81%
117 Nigeria
79%
208 Pakistan
76%
37 South Africa
75%
28 Indonesia
68%
32 Ethiopia
55%
60 Myanmar
55%
215 Tanzania
55%
65 Switzerland
51%
70 Morocco
47%
32 France
46%
60 Philippines
44%
75 Ivory Coast
38%
35 Nepal
37%
205 Sri Lanka
35%
62 Belgium
28%
188 Oman
27%
93 Burundi
26%
43 Benin
21%
66 Palau
21%
80 Gambia
16%
75 Kuwait
15%
88 Malta
15%
37 Trinidad and Tobago
15%
33 El Salvador
12%
No matching quizzes found
Score Distribution
Percent of People with Each Score
Percentile by Number Answered
Your Score History
You have not taken this quiz